Auditoría energética en el Recinto Universitario Simón Bolívar de la Universidad Nacional de Ingeniería exceptuando el Centro Universitario IES

Presenta la problemática existente en el sistema eléctrico, a través de la medición de parámetros eléctricos en los alimentadores, declarando la propuesta de mejora sobre la base de la carga que origina consumo innecesario de energía eléctrica, desde el punto de vista eléctrico y económico...

Full description

Bibliographic Details
Main Authors: Arguello Lira, Oswaldo Nehemías, Gaitán Fuentes, Ricardo de Jesús
Other Authors: Tutor: Gutiérrez G, Marlon A
Format: Tesis Section = Libro
Language:Undetermined
Spanish
Published: Managua UNI 2021
Subjects:
LEADER 01201nam a2200265Ia 4500
008 240830s9999 xx 000 0 und d
040 |a BIBLIOTECA-RUSB/ Mon 621.3 A694 
041 |a spa 
082 |a Mon 621.3 A694 
100 1 |a Arguello Lira, Oswaldo Nehemías 
100 1 |b Gaitán Fuentes, Ricardo de Jesús 
245 1 0 |a Auditoría energética en el Recinto Universitario Simón Bolívar de la Universidad Nacional de Ingeniería exceptuando el Centro Universitario IES 
260 |a Managua  |b UNI  |c 2021 
300 |a 93 p. :il. 
500 |a Incluye anexos y CD. 
502 |a Tesis (Ingeniero Electrónico) - UNI, 2021. 
520 3 |a Presenta la problemática existente en el sistema eléctrico, a través de la medición de parámetros eléctricos en los alimentadores, declarando la propuesta de mejora sobre la base de la carga que origina consumo innecesario de energía eléctrica, desde el punto de vista eléctrico y económico. 
650 7 |a AUDITORIA ENERGETICA 
650 7 |b  SISTEMA ELECTRICO 
650 7 |c  CONSUMO DE ENERGIA 
650 7 |d  RECURSOS ENERGETICOS 
700 1 |a Tutor:  |b Gutiérrez G, Marlon A 
942 |c BK  |2 ddc 
991 |a TESIS 
999 |c 22266